| 000 | 00747aam a2200265 a 4500 | ||
|---|---|---|---|
| 001 | 45085 | ||
| 005 | 20230410101649.0 | ||
| 008 | 970819s1997 ht 000 0 fre | ||
| 010 | _a 97185108 | ||
| 035 | _a(OCoLC)ocm37676014 | ||
| 040 |
_aDLC _cDLC |
||
| 035 | _a(OCoLC)37676014 | ||
| 043 | _anwht--- | ||
| 050 | 1 | 4 |
_a110 F 1928.2 _bD278h 1997 |
| 100 | 1 | _aDésinor, Carlo A. | |
| 245 | 1 | 3 |
_aLa tragédie des libertés / _cCarlo A. Désinor. |
| 246 | 1 | 4 | _aHaiti, la tragédie des libertés |
| 260 |
_aPort-au-Prince, Haiti : _bs.n., _c1997 |
||
| 300 |
_a283 p. ; _c23 cm. |
||
| 650 | 4 | _aCEH | |
| 650 | 4 | _aColección Estudios Haitianos | |
| 651 | 0 |
_aHaiti _xPolitics and government _y1986- |
|
| 942 |
_2lcc _cbk |
||
| 994 |
_aC0 _bDRFGD |
||
| 999 |
_c11796 _d11796 |
||